00798nam a2200229 a 4500001000900000005001700009008004100026020001500067040001800082050002200100100002400122245011500146260003700261300003000298500004600328500003500374650002100409902000800430942001100438999001300449952010600462BRCA_38120190320203001.0731001s1967 enka---##b---#000-0#eng-d a0713446951 aDLCcDLCdDLC 4aNK3780b.C65 19881 aColbeck, John9111110aPottery MaterialsbTheir Composition, Preparation and UsecJohn Colbeck; Photographs by Bonnie van de Wetering aLondresbBatsford Limitedc1988. a239 p.bil. fotosc26 cm. aIncluye índice analítico y apéndice aDonación Consejo Británico14aCerámica91200 aDCB 2lcccB c317d317 00104070aBRCAbBRCAd2008-06-25l0oNK3780 .C65 1988pDCB00035r2019-03-22 00:00:00w2019-03-22yB